000
00270nam a22001097a 4500
008
170112b xxu||||| |||| 00| 0 eng d
020
_a
0471046922
041
_a
eng
080
_a
618.2
245
_a
NURSING IMPLICATIONS OF LABORATORY TESTS
_c
BRAMBILLA, M
942
_2
udc
_c
BK
999
_c
2806
_d
2806